000 01099cam a22002771i 4500
003 SA-RiAUC
005 20250625152803.0
008 250516s1986 le g 00100 ara c
040 _aSA-RiAUC
_bara
_cSA-RiAUC
_erda
082 0 4 _a240
090 _a240
_bم ا ت
100 1 _aالماتريدي، محمد بن محمد بن محمود،
_dتوفي 333 هجري
_eمؤلف.
245 1 0 _aكتاب التوحيد /
_cأبو منصور محمد بن محمد بن محمود الماتريدي السمرقندي ؛ حققه وقدم له فتح الله خليف.
246 3 0 _aالتوحيد
264 1 _aبيروت :
_bدار المشرق،
_c1986
300 _a410،32 صفحة ؛
_c24 سم.
336 _aنص
_btxt
_2rdacontent
_3كتاب
337 _aبدون وسيط
_bn
_2rdamedia
338 _aمجلد
_bnc
_2rdacarrier
490 0 _aبحوث ودراسات ؛
_v50
500 _aيشتمل على كشافات.
650 7 _aعلم الكلام
_2aucsh
700 1 _aخليف، فتح الله
_eمحقق.
942 _2ddc
_cBOOK
_n0
949 _aSA-JeALM
_d250516
_umohamedma123
_n1
999 _c9181
_d9181